000 00387nam a2200145Ia 4500
999 _c14387
_d14387
003 OSt
005 20260304173143.0
008 260210s9999 xx 000 0 und d
020 _a9781641721233
082 _a697
100 _aLeila Alistair,
245 0 _aHeating, Ventilation And Air Conditioning: Design, Analysis And Control Systems
260 _bLarsen & Keller
942 _cUG
_2ddc